000
00240nam a22000857a 4500
008
160711b xxu||||| |||| 00| 0 eng d
100
_9
2558
_a
Cerf, B.A., et al
245
_a
Fifteen Famous European Plays
260
_a
New York
_b
Random House
_c
1943
999
_c
2224
_d
2224